000 00450nam a2200181Ia 4500
001 24526
005 20260414151049.0
008 260414t2012||||xx |||||||||||||| ||spa||
041 _aESP
082 _a345.72
_bC38
100 _aCavallone, Bruno (et. al.)
_eAUT
245 0 _aVerifobia :
_bun diálogo sobre prueba y verdad
260 _c2012
300 _a78 páginas :
_c21 cm.
650 _aDER
654 _aCDE
942 _cLIB
_dJUS
_fJUS
_2ddc
_n
999 _c24526
_d24526